Mapa typov tvarových plôch vyrobiteľných obrábaním = Chart of shaped surfaces produced by machining : Diplomová práca

Gespeichert in:
Bibliographische Detailangaben
1. Verfasser: Šaur, Miroslav (Verfasst von)
Weitere Verfasser: Pokorný, Peter, 1976- (xxx)
Format: Manuskript Buch
Sprache:Slowakisch
Veröffentlicht: Trnava : STU v Bratislave MTF UVTE KOM, 2008
Schlagworte:
Tags: Tag hinzufügen
Keine Tags, Fügen Sie das erste Tag hinzu!

MARC

LEADER 00000ntm a22000003a 4500
001 stu167242
005 20160719155953.1
008 080723s2008----xo------------------slo-d
040 |a STU  |b slo 
041 0 |a slo 
044 |a xo 
100 1 |a Šaur, Miroslav  |4 aut 
245 1 |a Mapa typov tvarových plôch vyrobiteľných obrábaním = Chart of shaped surfaces produced by machining :  |b Diplomová práca 
260 |a Trnava :  |b STU v Bratislave MTF UVTE KOM,  |c 2008 
300 |a 81 s  |c 1 CD-ROM 
500 |a Študijný program: počítačová podpora návrhu a výroby 
500 |a Študijný odbor: 5.2.51 výrobné technológie 
650 7 |a tvarové plochy  |2 stusub 
700 1 |a Pokorný, Peter,  |d 1976-  |4 xxx  |u M3000  |U MTF Materiálovotechnologická fakulta  |T MTF Ústav výrobných technológií  |X 2771  |U M3000  |Y 83  |7 A000002771 
996 |b 284M068141  |c M*DP-7430  |l MMSKP  |s P  |a 0  |w stu167242_0001